[Event "DEM U12/U12w 2006"]
[Site "Willingen GER"]
[Date "2006.06.08"]
[Round "8"]
[White "Quaschner, Manuel"]
[Black "Lindner, Sebastian"]
[Result "1/2-1/2"]
[Termination "normal"]
[Board "25"]
[WhiteElo "1394"]
[BlackElo "1496"]
[PlyCount "120"]
[WhiteFideId "24690139"]
[BlackFideId "4670221"]
[EventCountry "GER"]
[EventRounds "11"]
[EventType "swiss"]
[EventDate "2006.06.03"]

1. e4 c5 2. Nf3 d6 3. d4 cxd4 4. Nxd4 Nf6 5. Nc3 a6 6. Be2 e5 7. Nb3 Be6 8. O-O
Be7 9. f4 Nc6 10. Be3 b5 11. a3 d5 12. f5 d4 13. fxe6 fxe6 14. Bd2 dxc3 15.
Bxc3 O-O 16. Bf3 Qb6+ 17. Kh1 Rad8 18. Qe2 Nd4 19. Nxd4 exd4 20. Bd2 e5 21. Qd3
Nd7 22. b4 Nf6 23. c3 Qb8 24. cxd4 Rxd4 25. Qe2 Rfd8 26. Be3 Rd3 27. Rfd1 R3d7
28. Rxd7 Rxd7 29. Rd1 Qd8 30. Rxd7 Qxd7 31. Qd2 Qc7 32. Qa2+ Kf8 33. Kg1 a5 34.
Bd2 Qa7+ 35. Kf1 axb4 36. Qe6 bxa3 37. Bc3 a2 38. Ba1 Qc5 39. Qxa2 Qa3 40. Qxa3
Bxa3 41. Ke2 Bd6 42. Kd3 Ke7 43. Be2 Kd7 44. Bf3 Kc6 45. Kc2 Kc5 46. Kc3 Bc7
47. Kb3 h5 48. h4 b4 49. Bb2 Bd6 50. Ba1 g6 51. Bb2 Kc6 52. Bc1 Kd7 53. Bd2 Ke6
54. Bxb4 Bxb4 55. Kxb4 Nd7 56. Kc3 Kf6 57. g3 g5 58. Bxh5 gxh4 59. gxh4 Nc5 60.
Bf3 Ne6 1/2-1/2

[Event "DEM U12/U12w 2006"]
[Site "Willingen GER"]
[Date "2006.06.08"]
[Round "8"]
[White "Thanabalasingam, Ajandhan"]
[Black "Sancar, Alina"]
[Result "1-0"]
[Termination "normal"]
[Board "26"]
[WhiteElo "1488"]
[BlackElo "1330"]
[PlyCount "63"]
[WhiteFideId "24601659"]
[BlackFideId "4624750"]
[EventCountry "GER"]
[EventRounds "11"]
[EventType "swiss"]
[EventDate "2006.06.03"]

1. e4 d5 2. exd5 Qxd5 3. Nc3 Qd6 4. d4 Nf6 5. Nf3 h6 6. g3 Bg4 7. Bg2 Nc6 8.
O-O O-O-O 9. d5 Ne5 10. Bf4 Bxf3 11. Bxf3 Nxf3+ 12. Qxf3 e5 13. dxe6 Qxe6 14.
Rfe1 Qf5 15. Re5 Qxc2 16. Rc1 Qd3 17. Re3 Qd7 18. Ne4 Nd5 19. Rd3 c6 20. Nc5
Bxc5 21. Rxc5 Qe7 22. Rdxd5 Rxd5 23. Qxd5 Qf6 24. Qb3 Re8 25. Qb6 Qe7 26. Re5
Qxe5 27. Bxe5 Rxe5 28. Qd4 Rg5 29. Qf4 f6 30. h4 Re5 31. Qg4+ Kb8 32. Qxg7 1-0

[Event "DEM U12/U12w 2006"]
[Site "Willingen GER"]
[Date "2006.06.08"]
[Round "8"]
[White "Kühnel, Lena"]
[Black "Volz, Daniel"]
[Result "0-1"]
[Termination "normal"]
[Board "27"]
[WhiteElo "1243"]
[BlackElo "1455"]
[PlyCount "103"]
[WhiteFideId "24640956"]
[BlackFideId "4661125"]
[EventCountry "GER"]
[EventRounds "11"]
[EventType "swiss"]
[EventDate "2006.06.03"]

1. e4 c5 2. Nf3 e6 3. d4 cxd4 4. Nxd4 Nf6 5. Nc3 Nc6 6. Be3 a6 7. f3 Be7 8. Qd2
O-O 9. O-O-O Nxd4 10. Bxd4 d6 11. Kb1 Bd7 12. g4 e5 13. Be3 b5 14. h4 b4 15.
Ne2 a5 16. h5 Qc7 17. g5 Ne8 18. Ng3 Rc8 19. Nf5 Bxf5 20. exf5 Bd8 21. g6 fxg6
22. fxg6 Rxf3 23. gxh7+ Kxh7 24. Bh3 Rb8 25. Rdg1 Qf7 26. h6 g6 27. Bg2 Rxe3
28. Rf1 Qa7 29. Bd5 Nf6 30. Bf7 Ne4 31. Qd5 Bf6 32. Rfg1 Rg3 33. Rf1 Qe7 34.
Qxe4 Qxf7 35. Rf2 Qe6 36. Rhf1 Rf8 37. Qb7+ Rf7 38. Rxf6 Qxf6 39. Qxf7+ Qxf7
40. Rxf7+ Kxh6 41. Kc1 e4 42. Kd1 d5 43. Rd7 Rg5 44. Rd6 Rf5 45. Ke2 Kh5 46. a3
bxa3 47. bxa3 g5 48. Ra6 g4 49. Rxa5 g3 50. Ra8 Rf2+ 51. Ke3 Rxc2 52. Re8 0-1

[Event "DEM U12/U12w 2006"]
[Site "Willingen GER"]
[Date "2006.06.08"]
[Round "8"]
[White "Matschewsky, Justus"]
[Black "Gruber, Roland"]
[Result "0-1"]
[Termination "normal"]
[Board "28"]
[WhiteElo "1449"]
[BlackElo "1368"]
[PlyCount "76"]
[WhiteFideId "24678708"]
[BlackFideId "1270975"]
[EventCountry "GER"]
[EventRounds "11"]
[EventType "swiss"]
[EventDate "2006.06.03"]

1. e4 c5 2. Nf3 d6 3. d4 cxd4 4. Nxd4 Nf6 5. Nc3 g6 6. Be3 Bg7 7. Bc4 O-O 8. f3
Nc6 9. Qd2 Bd7 10. O-O-O Qa5 11. Kb1 Rfc8 12. Bb3 Ne5 13. Nde2 Nc4 14. Bxc4
Rxc4 15. g4 a6 16. h4 b5 17. h5 b4 18. Nd5 Nxd5 19. exd5 Rb8 20. hxg6 fxg6 21.
Bd4 Qxd5 22. Qe3 Qe6 23. Qd3 Bb5 24. Nf4 Qf7 25. Qe3 e5 26. Bxe5 Bxe5 27. Nh3
Qg7 28. b3 Ba1 29. Qc1 Rc6 30. Ng5 h6 31. Ne6 Qf6 32. Rxh6 Qxe6 33. Kxa1 Rbc8
34. Rh2 Qe5+ 35. Kb1 Qxh2 36. Rd2 Rxc2 37. Qxc2 Rxc2 38. Rxc2 Bd3 0-1

[Event "DEM U12/U12w 2006"]
[Site "Willingen GER"]
[Date "2006.06.08"]
[Round "8"]
[White "Rafayevych, Vilen"]
[Black "Dauer, Maximilian"]
[Result "1-0"]
[Termination "normal"]
[Board "29"]
[WhiteElo "1448"]
[BlackElo "1260"]
[PlyCount "95"]
[WhiteFideId "24673897"]
[EventCountry "GER"]
[EventRounds "11"]
[EventType "swiss"]
[EventDate "2006.06.03"]

1. d4 e6 2. c4 f5 3. g3 Nf6 4. Bg2 d5 5. Nc3 c6 6. cxd5 exd5 7. Nf3 Bd6 8. O-O
O-O 9. Bf4 Bxf4 10. gxf4 Ne4 11. Ne5 Nd7 12. f3 Nxe5 13. dxe5 Nxc3 14. bxc3
Qb6+ 15. Qd4 Qxd4+ 16. cxd4 Bd7 17. e4 Rac8 18. Rac1 g6 19. Rc2 Be6 20. Rff2 b6
21. exd5 Bxd5 22. Bf1 Kf7 23. Bc4 Ke6 24. Rf1 Rf7 25. Kf2 Rfc7 26. Rfc1 c5 27.
Ba6 Rd8 28. dxc5 bxc5 29. a3 c4 30. Bxc4 Rxc4 31. Rxc4 Bxc4 32. Rxc4 Rd2+ 33.
Kg3 h5 34. Rc7 a5 35. Rc5 a4 36. Rc4 g5 37. Rc6+ Ke7 38. fxg5 Rd3 39. g6 Rxa3
40. Rc7+ Kf8 41. e6 Ra1 42. g7+ Kg8 43. e7 Re1 44. Rc8+ Kxg7 45. e8=Q Rxe8 46.
Rxe8 Kf6 47. Ra8 Kg5 48. Rxa4 1-0

[Event "DEM U12/U12w 2006"]
[Site "Willingen GER"]
[Date "2006.06.08"]
[Round "8"]
[White "Rieping, Heiner"]
[Black "Böhme, Lasse"]
[Result "1-0"]
[Termination "normal"]
[Board "30"]
[WhiteElo "1591"]
[BlackElo "1378"]
[PlyCount "41"]
[WhiteFideId "24647012"]
[BlackFideId "1270626"]
[EventCountry "GER"]
[EventRounds "11"]
[EventType "swiss"]
[EventDate "2006.06.03"]

1. e4 e5 2. Bc4 Nf6 3. d3 c6 4. Nc3 d5 5. exd5 cxd5 6. Bb3 Bb4 7. Bd2 O-O 8.
Nge2 Nc6 9. O-O Bf5 10. Ng3 Bg6 11. f4 Bc5+ 12. Kh1 h6 13. Nce2 Ng4 14. Qe1 Qb6
15. h3 Nf6 16. fxe5 Nxe5 17. d4 Bxd4 18. Nxd4 Qxd4 19. Bc3 Qb6 20. Qxe5 Ne4 21.
Qxg7# 1-0

[Event "DEM U12/U12w 2006"]
[Site "Willingen GER"]
[Date "2006.06.08"]
[Round "8"]
[White "Lebek, Ricarda"]
[Black "Schareck, Martin"]
[Result "1-0"]
[Termination "normal"]
[Board "31"]
[WhiteElo "1577"]
[BlackElo "1294"]
[PlyCount "81"]
[WhiteFideId "4624688"]
[EventCountry "GER"]
[EventRounds "11"]
[EventType "swiss"]
[EventDate "2006.06.03"]

1. e4 c5 2. Nf3 d6 3. d4 cxd4 4. Qxd4 Nc6 5. Bb5 Bg4 6. Qd3 Bxf3 7. Qxf3 e6 8.
Nc3 Nge7 9. O-O g6 10. Bg5 Bg7 11. Bf6 O-O 12. Bxg7 Kxg7 13. Rfd1 a6 14. Ba4
Ne5 15. Qg3 N7c6 16. Bb3 Qe7 17. f4 Nd7 18. Qd3 e5 19. Qxd6 Qxd6 20. Rxd6 Rad8
21. Rad1 Nc5 22. Rxd8 Rxd8 23. Rxd8 Nxd8 24. g3 exf4 25. gxf4 Nde6 26. Bxe6
Nxe6 27. Ne2 Nc5 28. e5 f6 29. exf6+ Kxf6 30. Kf2 Kf5 31. Kf3 h6 32. Ng3+ Ke6
33. Ne4 b6 34. Nxc5+ bxc5 35. Ke4 g5 36. fxg5 hxg5 37. c3 a5 38. b3 g4 39. Kf4
Kd5 40. Kxg4 c4 41. h4 1-0

[Event "DEM U12/U12w 2006"]
[Site "Willingen GER"]
[Date "2006.06.08"]
[Round "8"]
[White "Veit, Björn"]
[Black "Düssler, Stefanie"]
[Result "0-1"]
[Termination "normal"]
[Board "32"]
[WhiteElo "1500"]
[BlackElo "1289"]
[PlyCount "34"]
[WhiteFideId "24600717"]
[BlackFideId "4634780"]
[EventCountry "GER"]
[EventRounds "11"]
[EventType "swiss"]
[EventDate "2006.06.03"]

1. e4 e5 2. Nf3 Nc6 3. Bc4 Bc5 4. d3 d6 5. Nc3 Bg4 6. Bxf7+ Kxf7 7. Ng5+ Qxg5
8. Bxg5 Bxd1 9. Rxd1 Nf6 10. O-O Rhf8 11. Kh1 Kg8 12. f4 Ng4 13. Rd2 h6 14. Bh4
Rxf4 15. Rxf4 exf4 16. Nd5 g5 17. Be1 Rf8 0-1

[Event "DEM U12/U12w 2006"]
[Site "Willingen GER"]
[Date "2006.06.08"]
[Round "8"]
[White "Luther, Alexander"]
[Black "Schreiner, Till"]
[Result "0-1"]
[Termination "normal"]
[Board "33"]
[WhiteElo "1248"]
[BlackElo "1499"]
[PlyCount "134"]
[WhiteFideId "24682616"]
[BlackFideId "24675555"]
[EventCountry "GER"]
[EventRounds "11"]
[EventType "swiss"]
[EventDate "2006.06.03"]

1. e4 c6 2. d4 d5 3. e5 Bf5 4. c4 e6 5. cxd5 cxd5 6. Nc3 Nc6 7. Bb5 a6 8. Ba4
b5 9. Bb3 Bb4 10. Nge2 Nge7 11. O-O O-O 12. Ng3 Bg6 13. Nce2 Qb6 14. a3 Ba5 15.
Ba2 b4 16. a4 Rab8 17. b3 Qc7 18. Be3 Bb6 19. Qd2 Qa7 20. Rac1 Rfc8 21. Bb1
Bxb1 22. Rxb1 a5 23. Rbc1 Rc7 24. Rc2 Rbc8 25. Rfc1 Nd8 26. f4 Rxc2 27. Rxc2
Rxc2 28. Qxc2 g6 29. Nf1 Ndc6 30. g4 Nxd4 31. Nxd4 Bxd4 32. Bxd4 Qxd4+ 33. Qf2
Qxf2+ 34. Kxf2 Kf8 35. Ke3 Nc6 36. Kd3 Ke7 37. Nd2 Kd7 38. Nf3 Ne7 39. Kd4 h6
40. h3 Kc6 41. h4 Kb6 42. Nd2 Nc6+ 43. Kd3 Kc5 44. Nf3 Kb6 45. h5 gxh5 46. gxh5
Ne7 47. Nh4 Kc5 48. Nf3 Nf5 49. Ne1 Ng3 50. Ng2 Nxh5 51. Ke3 Ng3 52. Kd3 Nf5
53. Ne1 h5 54. Nc2 h4 55. Ne3 Nxe3 56. Kxe3 d4+ 57. Kf3 h3 58. Kg3 d3 59. Kxh3
d2 60. Kg4 d1=Q+ 61. Kg5 Qf3 62. Kh4 Qxf4+ 63. Kh3 Kd4 64. Kg2 Ke3 65. Kh1 Qg5
66. Kh2 Kf2 67. Kh3 Qh5# 0-1

[Event "DEM U12/U12w 2006"]
[Site "Willingen GER"]
[Date "2006.06.08"]
[Round "8"]
[White "Schubert, Torsten"]
[Black "Schätz, Annika"]
[Result "0-1"]
[Termination "normal"]
[Board "34"]
[WhiteElo "1347"]
[BlackElo "1406"]
[PlyCount "74"]
[BlackFideId "24674796"]
[EventCountry "GER"]
[EventRounds "11"]
[EventType "swiss"]
[EventDate "2006.06.03"]

1. e4 c5 2. Nf3 d6 3. d4 cxd4 4. Nxd4 Nf6 5. Nc3 g6 6. Bc4 Bg7 7. Be3 O-O 8.
O-O Nc6 9. Qd2 Bd7 10. f4 Rc8 11. Bb3 Na5 12. f5 Nxb3 13. axb3 a6 14. fxg6 fxg6
15. Nde2 Qc7 16. Rac1 b5 17. Rf4 Qb7 18. Rh4 Ng4 19. Bg5 Qb6+ 20. Kh1 Nf2+ 21.
Kg1 Nd1+ 22. Be3 Qxe3+ 23. Qxe3 Nxe3 24. Rf4 Rxf4 25. Nxf4 b4 26. Ncd5 Nxd5 27.
Nxd5 Bf6 28. c4 bxc3 29. bxc3 Be6 30. Nb4 Bxb3 31. Nxa6 Rxc3 32. Re1 Bd4+ 33.
Kh1 Re3 34. Rxe3 Bxe3 35. Nc7 Kf7 36. g3 Bc2 37. Nd5 Bxe4# 0-1

[Event "DEM U12/U12w 2006"]
[Site "Willingen GER"]
[Date "2006.06.08"]
[Round "8"]
[White "Maier, Florian"]
[Black "Chernova, Margarita"]
[Result "1/2-1/2"]
[Termination "normal"]
[Board "35"]
[WhiteElo "1404"]
[BlackElo "1248"]
[PlyCount "82"]
[EventCountry "GER"]
[EventRounds "11"]
[EventType "swiss"]
[EventDate "2006.06.03"]

1. d4 Nf6 2. Nf3 g6 3. Bf4 Bg7 4. e3 O-O 5. h3 d6 6. Bc4 e6 7. Nbd2 Nbd7 8. c3
Qe7 9. e4 e5 10. dxe5 Nxe5 11. Nxe5 dxe5 12. Be3 Be6 13. Qb3 Bxc4 14. Qxc4 Ne8
15. Bc5 Nd6 16. Qb4 b6 17. Bxd6 Qxd6 18. Qxd6 cxd6 19. Nc4 Rad8 20. O-O-O f5
21. Rhf1 Bh6+ 22. Kc2 fxe4 23. Rxd6 Rxd6 24. Nxd6 e3 25. f3 Rd8 26. Ne4 Kg7 27.
Rd1 Rxd1 28. Kxd1 Kf7 29. Ng3 Ke6 30. Ke2 Bf4 31. Nf1 Kf5 32. g3 Bh6 33. Nxe3+
Ke6 34. Kd3 b5 35. c4 Bxe3 36. Kxe3 bxc4 37. Ke4 g5 38. f4 gxf4 39. gxf4 exf4
40. Kxf4 Kd5 41. Ke3 a5 1/2-1/2

[Event "DEM U12/U12w 2006"]
[Site "Willingen GER"]
[Date "2006.06.08"]
[Round "8"]
[White "Orhan, Eda"]
[Black "Rogasch, Miriam"]
[Result "1-0"]
[Termination "normal"]
[Board "36"]
[WhiteElo "1391"]
[BlackElo "1085"]
[PlyCount "55"]
[WhiteFideId "24659258"]
[BlackFideId "4616324"]
[EventCountry "GER"]
[EventRounds "11"]
[EventType "swiss"]
[EventDate "2006.06.03"]

1. e4 e5 2. Nf3 Nc6 3. Bc4 Nf6 4. d3 Bc5 5. c3 d6 6. h3 Be6 7. Bb5 Bd7 8. O-O
O-O 9. Nbd2 a6 10. Ba4 b5 11. Bc2 Re8 12. Re1 Bb6 13. Nf1 Ne7 14. Ng3 Ng6 15.
d4 exd4 16. cxd4 c5 17. e5 Ba5 18. Re2 Nd5 19. exd6 Rxe2 20. Qxe2 cxd4 21. Nxd4
Ndf4 22. Bxf4 Nxf4 23. Qe4 Ng6 24. Ngf5 Bxf5 25. Nxf5 Nf8 26. Rd1 g6 27. Ne7+
Kh8 28. Qe5+ 1-0

[Event "DEM U12/U12w 2006"]
[Site "Willingen GER"]
[Date "2006.06.08"]
[Round "8"]
[White "Schmitt, Katrin"]
[Black "Kormann, Jewgenija"]
[Result "1/2-1/2"]
[Termination "normal"]
[Board "37"]
[WhiteElo "1380"]
[BlackElo "1236"]
[PlyCount "84"]
[WhiteFideId "24654400"]
[BlackFideId "24606669"]
[EventCountry "GER"]
[EventRounds "11"]
[EventType "swiss"]
[EventDate "2006.06.03"]

1. e4 c6 2. d4 d5 3. Nc3 e6 4. Nf3 Bb4 5. Bd3 Bxc3+ 6. bxc3 h6 7. Bf4 dxe4 8.
Bxe4 Nf6 9. Bd3 Nbd7 10. O-O O-O 11. c4 Re8 12. c3 b6 13. Qc2 Bb7 14. Ne5 Rc8
15. Rfd1 Nxe5 16. Bxe5 Nd7 17. Bg3 Kh8 18. Be4 Qe7 19. Re1 Ba8 20. Rad1 Qa3 21.
Qb3 Qxb3 22. axb3 Nf6 23. Bf3 Nd7 24. Re3 Kg8 25. Rde1 Red8 26. Rd1 c5 27. Be2
cxd4 28. cxd4 Bb7 29. Bf3 Bxf3 30. Rxf3 a6 31. Rfd3 Nf6 32. f3 b5 33. c5 Nd5
34. Bd6 Nf6 35. Re1 Ne8 36. Bg3 Rc6 37. Red1 Rd5 38. Kf2 Kf8 39. Kf1 Ke7 40.
Kf2 Kf6 41. Be5+ Kg6 42. h3 a5 1/2-1/2

[Event "DEM U12/U12w 2006"]
[Site "Willingen GER"]
[Date "2006.06.08"]
[Round "8"]
[White "Kneip, Jakob"]
[Black "Barzen, Pascal"]
[Result "0-1"]
[Termination "normal"]
[Board "38"]
[WhiteElo "1204"]
[BlackElo "1390"]
[PlyCount "94"]
[WhiteFideId "12912859"]
[BlackFideId "24653497"]
[EventCountry "GER"]
[EventRounds "11"]
[EventType "swiss"]
[EventDate "2006.06.03"]

1. e4 c5 2. Nf3 d6 3. d4 cxd4 4. Nxd4 Nf6 5. Nc3 a6 6. Be3 e6 7. f3 Nc6 8. Qd2
Be7 9. O-O-O O-O 10. g4 Qa5 11. Nb3 Qc7 12. h4 b5 13. h5 Bb7 14. g5 Nd7 15. g6
f6 16. Bd3 Nce5 17. f4 Nxd3+ 18. cxd3 b4 19. Rdg1 bxc3 20. bxc3 Rac8 21. Kb2 f5
22. h6 Bf6 23. gxh7+ Kh8 24. Bd4 Bxd4 25. cxd4 gxh6 26. Rxh6 Nf6 27. Rg8+ Rxg8
28. hxg8=Q+ Kxg8 29. Qg2+ Ng4 30. Rg6+ Kf7 31. Rxg4 Qc3+ 32. Kb1 fxg4 33. Qd2
Qxd2 34. Nxd2 g3 35. Nf3 g2 36. Kb2 Rg8 37. Ng1 Rg3 38. Kc2 Kg6 39. Kd2 Kh5 40.
Ke2 Rg4 41. Kf3 Kh4 42. a3 Rg3+ 43. Ke2 a5 44. e5 dxe5 45. dxe5 Ba6 46. Kf2
Rxd3 47. Kxg2 Rxa3 0-1

[Event "DEM U12/U12w 2006"]
[Site "Willingen GER"]
[Date "2006.06.08"]
[Round "8"]
[White "Lang, Sascha"]
[Black "Rozenfeld, Elisabeth"]
[Result "0-1"]
[Termination "normal"]
[Board "39"]
[WhiteElo "1400"]
[BlackElo "1271"]
[PlyCount "120"]
[BlackFideId "4624742"]
[EventCountry "GER"]
[EventRounds "11"]
[EventType "swiss"]
[EventDate "2006.06.03"]

1. e4 e5 2. Nf3 Nf6 3. Nc3 Bb4 4. Nxe5 d6 5. Nf3 Bxc3 6. dxc3 Nxe4 7. Bd3 Bf5
8. Nd4 Bg6 9. Bxe4 Bxe4 10. f3 Bg6 11. Qe2+ Qe7 12. Qxe7+ Kxe7 13. O-O Re8 14.
Nb5 Kd7 15. Na3 Nc6 16. Bg5 f6 17. Bf4 Re2 18. Rf2 Rae8 19. Bg3 a6 20. Rc1 b5
21. Rxe2 Rxe2 22. Kf1 Re6 23. Be1 h5 24. Nb1 Ne5 25. Nd2 c5 26. Bg3 Nc6 27. f4
Re7 28. a3 a5 29. Kf2 Bh7 30. Kf3 Bf5 31. h3 b4 32. cxb4 Nd4+ 33. Kf2 Re2+ 34.
Kf1 Rxd2 35. Be1 Rxc2 36. Rxc2 Bxc2 37. bxc5 dxc5 38. Bxa5 g5 39. fxg5 fxg5 40.
Bd2 Ne6 41. Kf2 Kd6 42. b4 cxb4 43. Bxb4+ Kc6 44. Ke3 Nf4 45. Kf3 Bd1+ 46. Kg3
Kd5 47. Kh2 Ke4 48. Kg3 Kf5 49. Kf2 Nd3+ 50. Ke3 Nxb4 51. axb4 Ba4 52. Kf3 Bc6+
53. Kf2 h4 54. g3 Bb7 55. b5 Ba8 56. b6 Bb7 57. gxh4 gxh4 58. Ke3 Ke5 59. Ke2
Kf4 60. Kf2 Bc6 0-1

[Event "DEM U12/U12w 2006"]
[Site "Willingen GER"]
[Date "2006.06.08"]
[Round "8"]
[White "Vetter, Henrike"]
[Black "Spangenberg, Romy"]
[Result "0-1"]
[Termination "normal"]
[Board "40"]
[WhiteElo "836"]
[BlackElo "1344"]
[PlyCount "126"]
[BlackFideId "4627997"]
[EventCountry "GER"]
[EventRounds "11"]
[EventType "swiss"]
[EventDate "2006.06.03"]

1. e4 c5 2. Nf3 e6 3. d4 cxd4 4. Nxd4 Nc6 5. Be3 Nf6 6. Nc3 Bb4 7. Bd3 a6 8.
Nde2 b5 9. O-O Bb7 10. a3 Ba5 11. b4 Bb6 12. Qd2 O-O 13. Ng3 Ba7 14. Rfe1 d5
15. exd5 Nxd5 16. Nxd5 Qxd5 17. Be4 Qxd2 18. Bxd2 Nd8 19. Rad1 Bxe4 20. Nxe4
Nc6 21. Bf4 Nd4 22. Rd2 Rac8 23. Bd6 Nxc2 24. Red1 Rfe8 25. Bf4 Rf8 26. Bd6
Rfd8 27. Bf4 Rxd2 28. Nxd2 Bb8 29. Bg3 Bxg3 30. hxg3 Rd8 31. Kf1 Nxa3 32. Ke2
Nc4 33. Nxc4 Rxd1 34. Kxd1 bxc4 35. Kc2 Kf8 36. Kc3 Ke7 37. Kxc4 Kd6 38. Kd4 f6
39. g4 Kc6 40. Kc4 Kb6 41. f4 Kc6 42. g3 Kd6 43. Kd4 Kc6 44. Kc4 Kb6 45. Kd4
Kb5 46. Kc3 e5 47. Kb3 e4 48. Kc3 e3 49. Kd3 Kxb4 50. Kxe3 Kc3 51. Ke4 a5 52.
Kf5 a4 53. g5 fxg5 54. Kxg5 a3 55. f5 a2 56. f6 gxf6+ 57. Kxf6 a1=Q 58. Kg7 Qg1
59. Kxh7 Qxg3 60. Kh6 Kd4 61. Kh5 Ke5 62. Kh6 Kf6 63. Kh5 Qg5# 0-1

[Event "DEM U12/U12w 2006"]
[Site "Willingen GER"]
[Date "2006.06.08"]
[Round "8"]
[White "Zimmerer, Leah"]
[Black "Bohrmann, Sandra"]
[Result "1/2-1/2"]
[Termination "normal"]
[Board "42"]
[WhiteElo "1291"]
[BlackElo "1110"]
[PlyCount "175"]
[WhiteFideId "4620240"]
[BlackFideId "12905437"]
[EventCountry "GER"]
[EventRounds "11"]
[EventType "swiss"]
[EventDate "2006.06.03"]

1. e4 e5 2. Nf3 Nc6 3. d4 exd4 4. Nxd4 Qh4 5. Qd3 Nf6 6. Nd2 Bc5 7. g3 Nb4 8.
Qc4 Qh5 9. Be2 Qe5 10. N2f3 Qxe4 11. Qxc5 Nfd5 12. O-O d6 13. Qc4 O-O 14. Nb3
Qxc2 15. Qxc2 Nxc2 16. Rb1 Bf5 17. Nh4 Ne7 18. Nxf5 Nxf5 19. Bd3 Ncd4 20. Nxd4
Nxd4 21. Be3 Nc6 22. a3 Rfe8 23. Rbc1 Ne5 24. Rfd1 c6 25. h3 Re6 26. Rc2 c5 27.
Rcd2 Nf3+ 28. Kg2 Nxd2 29. Rxd2 Rd8 30. Bc4 Rg6 31. Bxc5 b6 32. Be3 Rc8 33. Bb5
Kf8 34. Bf4 Rd8 35. Kf3 d5 36. Bc6 Rxc6 37. Be5 f6 38. Bd4 Rdc8 39. Bc3 Rd8 40.
Bb4+ Kf7 41. Re2 Re6 42. Rc2 d4 43. Rc7+ Kg8 44. Rc1 d3 45. Rd1 h6 46. Bc3 g5
47. g4 Kg7 48. Kg3 Re2 49. Kf3 Kg6 50. Bd2 h5 51. Bc3 hxg4+ 52. hxg4 f5 53.
gxf5+ Kxf5 54. Kg3 d2 55. Kf3 Re1 56. Rxd2 Rxd2 57. Bxd2 Rb1 58. Bc3 g4+ 59.
Kg3 Rg1+ 60. Kh2 Rc1 61. Kg3 Rd1 62. Bb4 Rd3+ 63. Kg2 a5 64. Bc3 Kf4 65. Bf6 g3
66. fxg3+ Rxg3+ 67. Kf2 Rd3 68. Ke2 Rd6 69. Bc3 Re6+ 70. Kd3 Re4 71. Bd2+ Kf3
72. Bc3 Ra4 73. Kc2 b5 74. b3 Rxa3 75. Bb2 Ra2 76. Kb1 Rxb2+ 77. Kxb2 Ke4 78.
Kc3 Kd5 79. Kd3 Kc5 80. Kc3 b4+ 81. Kd3 Kb5 82. Kc2 a4 83. Kb2 axb3 84. Kxb3
Ka5 85. Kb2 Ka4 86. Ka2 b3+ 87. Kb2 Kb4 88. Kb1 1/2-1/2

[Event "DEM U12/U12w 2006"]
[Site "Willingen GER"]
[Date "2006.06.08"]
[Round "8"]
[White "von Schwerin, Clemens"]
[Black "Holzmann, Arthur"]
[Result "1-0"]
[Termination "normal"]
[Board "43"]
[WhiteElo "1423"]
[BlackElo "1099"]
[PlyCount "61"]
[WhiteFideId "4613228"]
[EventCountry "GER"]
[EventRounds "11"]
[EventType "swiss"]
[EventDate "2006.06.03"]

1. d4 d5 2. c4 e6 3. Nf3 c6 4. Nc3 f5 5. Bf4 Nf6 6. e3 Bd6 7. Bd3 O-O 8. O-O
Ne4 9. Ne2 Rf6 10. c5 Be7 11. Ne5 Nd7 12. f3 Nexc5 13. dxc5 Nxc5 14. Rc1 h6 15.
h3 g5 16. Bg3 Qb6 17. b4 Nd7 18. Nxd7 Bxd7 19. Bf2 Qd8 20. e4 dxe4 21. fxe4
fxe4 22. Bxe4 Qc7 23. Bc5 Bxc5+ 24. Rxc5 Raf8 25. Kh1 Rd8 26. Kg1 Qb6 27. Qd6
Qa6 28. Qe7 Qb6 29. Bg6 Be8 30. Bxe8 Rxe8 31. Qxe8+ 1-0

[Event "DEM U12/U12w 2006"]
[Site "Willingen GER"]
[Date "2006.06.08"]
[Round "8"]
[White "Weißenburg, Isabel"]
[Black "Marx, Inga"]
[Result "0-1"]
[Termination "normal"]
[Board "44"]
[WhiteElo "1255"]
[BlackElo "1078"]
[PlyCount "110"]
[WhiteFideId "4612922"]
[BlackFideId "4654749"]
[EventCountry "GER"]
[EventRounds "11"]
[EventType "swiss"]
[EventDate "2006.06.03"]

1. e4 d5 2. exd5 Qxd5 3. Nc3 Qa5 4. d4 c6 5. Bc4 Bf5 6. Nf3 Nf6 7. Bd2 Qc7 8.
O-O e6 9. Re1 Be7 10. Bg5 O-O 11. Bd3 Bxd3 12. Qxd3 Nbd7 13. Ne4 h6 14. Bh4
Rad8 15. Qe2 Rfe8 16. c3 Nxe4 17. Bxe7 Nxc3 18. bxc3 Rxe7 19. c4 Nf6 20. Ne5
Rxd4 21. Qb2 Re4 22. Rxe4 Nxe4 23. Rd1 Re8 24. Qd4 Nf6 25. c5 Nd5 26. a4 Rd8
27. Rd2 b6 28. cxb6 axb6 29. Nc4 b5 30. axb5 cxb5 31. Ne3 Re8 32. g3 Nxe3 33.
Qxe3 b4 34. Qd3 Qc3 35. Qxc3 bxc3 36. Rc2 Rc8 37. Kf1 Kf8 38. Ke2 Ke7 39. Kd3
Kd6 40. Rxc3 Rxc3+ 41. Kxc3 Kd5 42. Kd3 f5 43. Ke3 g5 44. Kf3 e5 45. h3 e4+ 46.
Ke3 h5 47. f3 Ke5 48. f4+ gxf4+ 49. gxf4+ Kd5 50. Ke2 Kd4 51. h4 e3 52. Ke1 Ke4
53. Ke2 Kxf4 54. Kf1 Kg3 55. Ke2 f4 0-1

[Event "DEM U12/U12w 2006"]
[Site "Willingen GER"]
[Date "2006.06.08"]
[Round "8"]
[White "Günther, Elisabeth"]
[Black "Stoevesand, Eric"]
[Result "1-0"]
[Termination "normal"]
[Board "45"]
[WhiteElo "969"]
[BlackElo "1244"]
[PlyCount "43"]
[BlackFideId "24651117"]
[EventCountry "GER"]
[EventRounds "11"]
[EventType "swiss"]
[EventDate "2006.06.03"]

1. e4 e5 2. Nf3 Nc6 3. Nc3 Nf6 4. Bb5 Bb4 5. d3 Nd4 6. Bd2 Bxc3 7. Bxc3 Nxb5 8.
Bxe5 O-O 9. Qd2 Qe7 10. O-O-O Ng4 11. Bg3 c5 12. h3 Nh6 13. Bf4 Qe6 14. Kb1 Qb6
15. g4 c4 16. g5 c3 17. bxc3 Na3+ 18. Ka1 d6 19. gxh6 g6 20. c4 a6 21. Qc3 Qxf2
22. Qg7# 1-0

[Event "DEM U12/U12w 2006"]
[Site "Willingen GER"]
[Date "2006.06.08"]
[Round "8"]
[White "Pohl, Theresa"]
[Black "Martens, Julian"]
[Result "1-0"]
[Termination "normal"]
[Board "46"]
[WhiteElo "1225"]
[BlackElo "1067"]
[PlyCount "53"]
[BlackFideId "24652890"]
[EventCountry "GER"]
[EventRounds "11"]
[EventType "swiss"]
[EventDate "2006.06.03"]

1. d4 d5 2. Nf3 Nf6 3. e3 e6 4. Bd3 c5 5. c3 Nc6 6. Nbd2 Bd6 7. O-O O-O 8. Re1
Be7 9. dxc5 Bxc5 10. e4 dxe4 11. Nxe4 Nxe4 12. Bxe4 Qxd1 13. Rxd1 f5 14. Bc2
Re8 15. Bf4 b6 16. Re1 Ba6 17. Bb3 Kf7 18. Ng5+ Kg6 19. Nxe6 Rac8 20. Nc7 Rxe1+
21. Rxe1 Nb8 22. Re6+ Kf7 23. Rxb6+ Ke7 24. Nd5+ Kd7 25. Ba4+ Kd8 26. Bg5+ Be7
27. Bxe7# 1-0

[Event "DEM U12/U12w 2006"]
[Site "Willingen GER"]
[Date "2006.06.08"]
[Round "8"]
[White "Dittmann, Jan"]
[Black "Seel, Eric"]
[Result "1/2-1/2"]
[Termination "normal"]
[Board "47"]
[WhiteElo "1201"]
[BlackElo "897"]
[PlyCount "62"]
[EventCountry "GER"]
[EventRounds "11"]
[EventType "swiss"]
[EventDate "2006.06.03"]

1. c4 e5 2. Nc3 Nc6 3. g3 Bc5 4. Bg2 d6 5. d3 Nf6 6. Nf3 O-O 7. O-O Bg4 8. h3
Be6 9. a3 a6 10. b4 Ba7 11. Bd2 Qd7 12. Ng5 Rfe8 13. Nxe6 Qxe6 14. Qb3 Ne7 15.
Kh2 Rab8 16. a4 Bd4 17. b5 Rec8 18. e3 Bc5 19. Rg1 axb5 20. axb5 Qd7 21. Ra2
Qe8 22. Rga1 c6 23. Qc2 cxb5 24. Nxb5 d5 25. Qb3 Qd8 26. Bc3 d4 27. exd4 exd4
28. Bd2 Ng6 29. Re1 Nh5 30. Qd1 Nf6 31. Qf3 Qd7 1/2-1/2